00263nam a22000977a 4500041001200000082001700012100002200029245006300051260004300114300000800157 aEnglish a954.9266 MCC aMcCahill, Fr. Bob aI am Indeed Their Brother: Loving and Serving Allah's Poor aGujaratbGujarat Sahitya Prakashc2018 a158